00500cam a22001692 4500001001100000005001700011008004100028020001700069040001500086100003100101245005900132260003900191300001900230650004300249650003500292852000300327000002154220151217152235.0120719s xx 000 0 eng d a0875522629 : aKABUcKABU1 aFrame, John M.@000015938014aThe Doctrine of the knowledge of God /cJohn M. Frame. aPhillipsburg, NJ. :bP & R,c1987. axviii, 437 p. 0aApologeticsy20th century.@0000148816 0aGodxKnowableness.@00001493791